|
|
|
|
| LEADER |
00853cam a2200205 i 4500 |
| 001 |
10081828 |
| 003 |
upatras |
| 005 |
20220713095642.0 |
| 008 |
091126t2000 f gre d |
| 952 |
|
|
|0 0
|1 0
|2 ddc
|4 0
|6 889_334000000000000_ΤΣΙ
|7 0
|9 237955
|a LISP
|b LISP
|c DON
|d 2019-12-19
|e ΓΑΛ
|i 141698
|l 0
|o 889.334 ΤΣΙ
|p 025000265448
|r 2019-12-19 00:00:00
|t 1
|v 2019.00
|w 2019-12-19
|y BKN
|
| 999 |
|
|
|c 143820
|d 143820
|
| 020 |
|
|
|a 9603253685
|
| 040 |
|
|
|a GR-PaULI
|b gre
|c GR-PaULI
|e AACR2
|
| 082 |
0 |
4 |
|2 23
|a 889.334
|
| 100 |
1 |
|
|a Τσιτσέλη, Καίη,
|d 1926-2001
|e συγγραφέας
|9 163647
|
| 245 |
1 |
2 |
|a Ο θάνατος μιάς πόλης /
|c Καίη Τσιτσέλη ; μετάφραση Παλμύρα Ισμυριδου.
|
| 260 |
|
|
|a Αθήνα :
|b Άγρα,
|c c2000.
|
| 300 |
|
|
|a 114 σ. ;
|b 17 εκ.
|
| 942 |
|
|
|2 ddc
|c BKN
|
| 998 |
|
|
|c ΣΑΤΛΑΝΗΣ
|d 2019-12
|